| 000 | 00792cab a22001935a 4500 | ||
|---|---|---|---|
| 001 | L152453 | ||
| 008 | 110309e20111028xxk 000 0 eng d | ||
| 035 | _a(Sirsi) u152453 | ||
| 041 | 0 | _aeng | |
| 100 | 1 | _aSidders, Jack | |
| 245 | 0 | 0 |
_aIndustry urged to shatter glass ceiling _bleading figure calls for UK contractors to follow Europe's lead and get more women in the boardroom |
| 260 | _c2011 | ||
| 490 |
_aConstruction News _v(7207) 3 March 2011, 8(1) |
||
| 520 | _aConsiders the number of women on construction company boards following the recently published Women on Boards; table of the top 10 contractors boards' total men and women. | ||
| 590 | _aKA | ||
| 651 | 4 |
_aUnited Kingdom _y |
|
| 690 | _aMANAGEMENT-BUSINESS MANAGEMENT-DISCRIMINATION-GENDER DISCRIMINATION | ||
| 942 | _n0 | ||
| 999 |
_c82970 _d82970 |
||